000
00306nam a22001337a 4500
020
_a
9780471433248
040
_c
nust
082
_a
004.67
_b
RIC
100
_a
Richard Sally
_9
122607
245
_a
FUTURENET
260
_a
New York:
_b
McGraw -Hill,
_c
2002.
650
_a
FUTURENET
_9
122608
942
_2
ddc
_c
BK
999
_c
609063
_d
609063